• 首页
  • 本馆介绍
  • 公告通知
  • 最新文献
  • 馆藏检索
  • 电子资源
  • 读者导购
  • 参考咨询
  • 我的图书馆
  • 登录
  • 详细信息显示
  • 放入我的书架
  • 预约/预借图书
  • 作者相关作品
  • 分类相关作品
  • 丛书相关作品
  • 出版社相关作品

书目信息

  • 表格格式
  • 工作单格式
  • 卡片格式
题名:
2009年河北省公务员录用考试全真模拟预测试卷
    
 
作者: 李永新 主编 ;张永生 编著
分册:   行政职业能力测验
出版信息: 北京   人民日报出版社  2009
页数: 395页
开本: 26×37cm
丛书名:
单 册:
中图分类: D630.3-44 , D630.3
科图分类:
主题词: 国家机关工作人员--中国--考核--试题 , 能力倾向测验 , 行政管理--能力倾向测验--中国--考核--试题 , 国家机关工作人员 , 行政管理 , 政治--中国
电子资源:
ISBN: 978-7-80208-733-0
000 01264nam0 2200349 450
001 1357094547
005 20131009155225.78
010    @a978-7-80208-733-0@dCNY390.00(全套)
090    @aD630@blyx
096    @aD630@blyx
100    @a20090507d2009 em y0chiy50 ea
101 0  @achi
102    @aCN@b110000
105    @ay q 000yy
106    @ar
200 1  @a2009年河北省公务员录用考试全真模拟预测试卷@i行政职业能力测验@b专著@f李永新主编@g张永生[等]编著@A2009 nian he bei sheng gong wu yuan lu yong kao shi quan zhen mo ni yu ce shi juan
210    @a北京@c人民日报出版社@d2009
215    @a395页@d26×37cm
300    @a河北省公务员录用考试专用教材
330    @a本书收录了2009年河北省国家公务员录用考试《行政职业能力测验》全真模拟预测试卷及答案共十二套。
606 0  @a国家机关工作人员@y中国@x考核@x试题
606 0  @a能力倾向测验
606 0  @a行政管理@x能力倾向测验@y中国@x考核@x试题
606 0  @a国家机关工作人员
606 0  @a行政管理
606 0  @a政治@x中国
690    @aD630.3-44@v4
690    @aD630.3@v4
701  0 @a李永新@c(公务员考试)@4主编@Ali yong xin
702  0 @a张永生@c(公务员考试)@4编著@Azhang yong sheng
801  0 @aCN@b大连网信软件有限公司图书馆·11@c20131009
905    @aZUCC@dD630.3@e180
    
    2009年河北省公务员录用考试全真模拟预测试卷.行政职业能力测验/李永新主编/张永生[等]编著.-北京:人民日报出版社,2009
    395页;26×37cm
    河北省公务员录用考试专用教材
    
    ISBN 978-7-80208-733-0:CNY390.00(全套)
    本书收录了2009年河北省国家公务员录用考试《行政职业能力测验》全真模拟预测试卷及答案共十二套。
●
相关链接 在E读中查询图书 在五车中查询图书 在当当中查询图书 在豆瓣中查询图书


正题名:2009年河北省公务员录用考试全真模拟预测试卷     索取号:D630.3/180         预约/预借

序号 登录号 条形码 馆藏地/架位号 状态 备注
1 0625831   206258315   第一样本阅览室/ [索取号:D630.3/180] 在馆    
唐山师范学院图书馆 欢迎您!
大连网信软件有限公司© 版权所有